000 00650nam a2200229Ia 4500
003 OSt
005 20221006165104.0
006 a|||||r|||| 00| 0
007 ta
008 221006b |||||||| |||| 00| 0 hin d
024 _a5,268
037 _cTextual
040 _aFML
_cFML
_bhin
041 _2hin
_ahin
082 _aNR44, Q2
100 _aDixit Rashmi Au.
_9679071
245 0 _aMadhyakal Ke Sangitagya Va Kaviyo Ka Hindustani Sangeet Va Kavya Main Yogdaan
260 _aAllahabad
_bAnubhav Publication India
_c2012
300 _a240
_ccm.
942 _hNR44, Q2
_cTEXL
_2CC
999 _c1119555
_d1119555